| 000 | 02219nam a2200349 i 4500 | ||
|---|---|---|---|
| 003 | DO-SdBNP | ||
| 005 | 20250227073855.0 | ||
| 007 | ta | ||
| 008 | 240724b2015 dr ||||| |||| 00| 0 spa d | ||
| 020 | _a9789945586459 | ||
| 040 |
_aDO-SdBNP _bspa _cBNPHU _erda |
||
| 082 | 4 |
_aRD863.3 _bP418c, 2015 _222 |
|
| 100 | 1 |
_aPenson, César Nicolás, _d1855-1901 _96475 _eautor |
|
| 245 | 1 | 0 |
_aCosas añejas : _btradiciones y episodios de Santo Domingo / _cCésar Nicolás Penson ; prólogo y notas, Rita Tejada ; presentación, Diógenes Céspedes ; cuidado de edición, Eric Simó |
| 264 |
_aSanto Domingo : _bArchivo General de la Nación, _c2015. |
||
| 300 |
_a453 páginas ; _c23 cm. |
||
| 336 |
_2rdacontent _atexto _btxt |
||
| 337 |
_2rdamedia _asin mediación _bn |
||
| 338 |
_2rdacarrier _avolumen _bnc |
||
| 490 |
_aArchivo General de la Nación _v244 |
||
| 500 | _aIncluye datos biográficos del autor en las solapas | ||
| 500 | _aIncluye referencias bibliográficas y notas al pie de las páginas. | ||
| 505 |
_aPresentación/ _rDiógenes Céspedes-- _tPrólogo de esta edición / _rRita Tejada-- _tAbreviaturas usadas por César Nicolás Penson en Cosas Añejas -- _tRefranes y expresiones en Cosas Añejas-- _tPrólogo a la edición de 1891-- _tDrama horrendo o la mancha de sangre (Tradición)-- _tProfanación!-- _tEntre dos miedos-- _tEl martirio por la honra (Tradición)-- _tMuerte por muerte (Tradición) -- _tLos tres que echaron a Pedro entre el pozo (Tradición)-- _tCoplas-- _tEl santo y la colmena-- _tLas vírgenes de Galindo (Tradición)-- _tLas vírgenes de Galindo o la Invanción de los haitianos sobre la parte Española de la isla de Santo Domingo el 9 de febrero de 1822-- _tGobernación Civil y Militar de la provincia de Santo Domingo -- _tAdvertencia -- _tLas vírgenes de Galindo -- _tÍndice onomástico. |
||
| 590 | _aInventariado, 2024 / BT | ||
| 650 | 4 |
_942096 _aUso y costumbres _vNovela _xFicción _zRepública Dominicana |
|
| 651 | 4 |
_93198 _aRepública Dominicana _xFicción |
|
| 700 | 1 |
_aAlcántara Almánzar, José _d1946- _eprólogo _97018 |
|
| 700 | 1 |
_aCéspedes, Diógenes, _epresentación _986158 |
|
| 700 | 1 |
_aSimó, Eric, _ecuidado de edición _9313 |
|
| 910 | _aBtavárez | ||
| 942 |
_2ddc _cLBS1 |
||
| 999 |
_c57346 _d57346 |
||